| 000 | 00361 a2200145 4500 | ||
|---|---|---|---|
| 001 | 58666 | ||
| 020 | _a8570264097 | ||
| 040 | _cAnchieta - Pituba | ||
| 240 | 1 | 0 |
_aNova enciclopédia Barsa _lpor |
| 245 | 1 | 0 | _aNova enciclopédia Barsa |
| 300 | _a506 | ||
| 362 | 0 | _a1997 | |
| 650 | 4 | _aObras enciclopédicas gerais de línguas espanhola e portuguesa | |
| 942 | _cBK | ||
| 999 |
_c58666 _d58666 |
||